The noble scholar, jurist, historian


 His Excellency Dr. Abdul Wahhab bin Ibrahim Abu Sulaiman, may Allah have mercy on him.


 He was born in Umm Al-Qura in the year 1356 AH.

فهرس أحاديث تلخيص الحبير في تخريج أحاديث الرافعي الكبير لخاتمة الحفاظ شيخ الإسلام الإمام أبي الفضل شهاب الدين أحمد بن علي العسقلاني / (Record no. 3941)

MARC details
000 -LEADER
fixed length control field 01877cam a2200337 i 4500
003 - CONTROL NUMBER IDENTIFIER
control field SA-RiAUC
005 - DATE AND TIME OF LATEST TRANSACTION
control field 20241225074920.0
008 - FIXED-LENGTH DATA ELEMENTS--GENERAL INFORMATION
fixed length control field 241224s1986 le g 000 0 ara c
040 ## - CATALOGING SOURCE
Original cataloging agency AE-AiULD
Language of cataloging ara
Transcribing agency SA-RiAUC
Description conventions rda
050 #4 - LIBRARY OF CONGRESS CALL NUMBER
Item number I26 1986 suppl.
082 04 - DEWEY DECIMAL CLASSIFICATION NUMBER
Classification number 237.6
090 ## - LOCALLY ASSIGNED LC-TYPE CALL NUMBER (OCLC); LOCAL CALL NUMBER (RLIN)
Classification number (OCLC) (R) ; Classification number, CALL (RLIN) (NR) 237.6
Local cutter number (OCLC) ; Book number/undivided call number, CALL (RLIN) م ر ع
100 1# - MAIN ENTRY--PERSONAL NAME
Personal name المرعشلي، يوسف عبد الرحمن،
Dates associated with a name 1952-
Relator term مؤلف.
245 10 - TITLE STATEMENT
Title فهرس أحاديث تلخيص الحبير في تخريج أحاديث الرافعي الكبير لخاتمة الحفاظ شيخ الإسلام الإمام أبي الفضل شهاب الدين أحمد بن علي العسقلاني /
Statement of responsibility, etc. إعداد يوسف عبد الرحمن المرعشلي.
250 ## - EDITION STATEMENT
Edition statement الطبعة الأولى.
264 #1 - PRODUCTION, PUBLICATION, DISTRIBUTION, MANUFACTURE, AND COPYRIGHT NOTICE
Place of production, publication, distribution, manufacture بيروت :
Name of producer, publisher, distributor, manufacturer دار المعرفة،
Date of production, publication, distribution, manufacture, or copyright notice 1986
300 ## - PHYSICAL DESCRIPTION
Extent 468 صفحة ؛
Dimensions 24 سم
336 ## - CONTENT TYPE
Content type term نص
Content type code txt
Source rdacontent
Materials specified كتاب
337 ## - MEDIA TYPE
Media type term بدون وسيط
Media type code n
Source rdamedia
338 ## - CARRIER TYPE
Carrier type term مجلد
Carrier type code nc
Source rdacarrier
650 #7 - SUBJECT ADDED ENTRY--TOPICAL TERM
Topical term or geographic name entry element الحديث
Form subdivision كشافات
Source of heading or term aucsh
700 12 - ADDED ENTRY--PERSONAL NAME
Personal name ابن حجر العسقلاني، أحمد بن علي بن محمد،
Dates associated with a name 773-852 هجري
700 12 - ADDED ENTRY--PERSONAL NAME
Personal name الرافعي، عبد الكريم بن محمد بن عبد الكريم،
Dates associated with a name 557-623 هجري
700 12 - ADDED ENTRY--PERSONAL NAME
Personal name الغزالي، محمد بن محمد بن محمد،
Titles and other words associated with a name حجة الإسلام،
Dates associated with a name 450-505 هجري
740 22 - ADDED ENTRY--UNCONTROLLED RELATED/ANALYTICAL TITLE
Uncontrolled related/analytical title الشرح الكبير في شرح الوجيز، المسمى، فتح العزيز على كتاب الوجيز في الفقه الشافعي.
740 22 - ADDED ENTRY--UNCONTROLLED RELATED/ANALYTICAL TITLE
Uncontrolled related/analytical title فتح العزيز على كتاب الوجيز في الفقه الشافعي.
740 22 - ADDED ENTRY--UNCONTROLLED RELATED/ANALYTICAL TITLE
Uncontrolled related/analytical title الوجيز في فقه الإمام الشافعي.
740 02 - ADDED ENTRY--UNCONTROLLED RELATED/ANALYTICAL TITLE
Uncontrolled related/analytical title تلخيص الحبير في تخريج أحاديث الرافعي الكبير.
942 ## - ADDED ENTRY ELEMENTS (KOHA)
Source of classification or shelving scheme Dewey Decimal Classification
Koha item type Books
Suppress in OPAC No
949 ## - LOCAL PROCESSING INFORMATION (OCLC)
a SA-JeALM
d 241224
u osman123
n 1
Holdings
Withdrawn status Lost status Source of classification or shelving scheme Damaged status Not for loan Home library Current library Date acquired Total checkouts Full call number Barcode Date last seen Price effective from Koha item type
    Dewey Decimal Classification     DR AbdElwahab Library DR AbdElwahab Library 12/25/2024   237.6 م ر ع 000006329 12/25/2024 12/25/2024 Books